Score 0/26 Timer 06:00
0 Plays Today
Question Answer Wrong Answers
A rod used by a conductor baton
90.4%
basso
1.7%
belon
2.3%
boite
1.6%
A unit of energy joule
87.4%
jurat
1.4%
jinni
0.7%
jabot
1.4%
A large couch divan
83.5%
duroc
3.4%
doyen
3.3%
dacha
4.1%
A bottle for holding a condiment cruet
81.6%
cumin
4.1%
coypu
3.1%
chide
5.9%
A tax or donation paid to the church tithe
77.5%
titer
2.7%
tinea
1.4%
tilth
6.4%
A building material of sun-dried earth and hay adobe
75.8%
abode
11.2%
adobo
6.6%
attar
6%
The sensation of a meaty flavor umami
67.4%
umiak
4.7%
umbra
10.8%
ukase
4.8%
An often purplish flower phlox
64.8%
plica
15%
prexy
4.7%
punty
4.1%
A post along a staircase newel
62.6%
nicad
4.1%
notum
14.8%
numen
7.8%
A depressed, often wet, stretch of land swale
60.4%
surah
8%
spean
5.3%
senna
14.2%
Polish currency zloty
58.3%
ziram
11.4%
zineb
13.4%
zamia
4.1%
Turbulent roily
54.8%
routh
8.5%
rutty
17.8%
rathe
7%
A portion of the retina fovea
54.1%
fucus
14.8%
filar
21.3%
fella
2.5%
A dazzling effect eclat
53.4%
eider
5.1%
elemi
15.7%
epode
18.8%
A subatomic particle gluon
50.8%
gemma
24.7%
gimel
11.9%
gyrus
4.6%
A blackbird merle
45.4%
milpa
11.7%
moult
12.3%
mahoe
20%
A handmill for grinding grain quern
44.5%
quiff
20.5%
quale
13.9%
quipu
9.3%
A hoodlum yobbo
38.6%
yokel
40.1%
yucca
4.4%
yamen
4.2%
A West African tree limba
38%
limbo
13.6%
luffa
29.6%
losel
8.6%
A 3-masted sailing ship xebec
36.4%
xenon
12%
xylem
16.6%
xhosa
22.1%
A Navajo Indian dwelling hogan
36.1%
houri
32.6%
hyrax
6.1%
hamza
16.8%
Seed fibers often used to fill matresses kapok
35.8%
karoo
9.4%
kafir
34.8%
kenaf
10.2%
A stiff cotton fabric wigan
31.5%
winze
22.2%
withe
19.7%
wirra
13.8%
An insect's mature phase imago
31.4%
ileus
18.7%
ictus
36.1%
istle
4.7%
A mountain or hill nymph oread
29.5%
ovolo
14.7%
okapi
26.9%
obeah
17.6%
A bone in the skull vomer
21.6%
vulva
12.6%
vertu
16.4%
varus
36.9%
Remove Ads.
Support Sporcle.
Get the best of Sporcle when you Go Orange. This ad-free experience offers more features, more stats, and more fun while also helping to support Sporcle. Thank you for becoming a member.

You're not logged in!

Compare scores with friends on all Sporcle quizzes.
OR
Log In

Show Comments

Extras

Top Quizzes Today


Score Distribution

Your Account Isn't Verified!

In order to create a playlist on Sporcle, you need to verify the email address you used during registration. Go to your Sporcle Settings to finish the process.

Report this User

Report this user for behavior that violates our Community Guidelines.

Details: